| 000 | 01000cab a2200313 4500 | ||
|---|---|---|---|
| 001 | ABS54544 | ||
| 008 | 090401t1996 xxu||||| |||| 00| 0 eng d | ||
| 035 | _a(Sirsi) u11043 | ||
| 041 | _aeng | ||
| 100 | _aWhitmore, J. | ||
| 245 | _aPaper chase | ||
| 260 | _c1996 | ||
| 350 | _a0 | ||
| 490 |
_aProperty Week _v54(8) 22 February 1996, 20-21(2) |
||
| 520 | _aExamines the planned new property derivatives market, the Real Estate Index Market (REIM) and whether it is likely to be more successful than the previous attempt at a property futures market by London Fox. | ||
| 650 | _aPROPERTY-COMMERCIAL PROPERTY | ||
| 650 | _aFUTURES | ||
| 650 | _aLIQUIDITY | ||
| 650 | _aLONDON FOX | ||
| 650 | _aPINCS | ||
| 650 | _aPROPERTY DERIVATIVES | ||
| 650 | _aPROPERTY INDEX CERTIFICATES | ||
| 650 | _aREAL ESTATE INDEX MARKET | ||
| 650 | _aSINGLE PROPERTY OWNERSHIP TRUSTS | ||
| 650 | _aSPOTS | ||
| 690 | _aPROPERTY-PROPERTY FINANCE AND INVESTMENT | ||
| 942 | _n0 | ||
| 948 | _c04/03/1997 | ||
| 999 |
_c7040 _d7040 |
||